| 000 | 00602nam a22001577a 4500 | ||
|---|---|---|---|
| 003 | OSt | ||
| 005 | 20151002092113.0 | ||
| 008 | 151002b xxu||||| |||| 00| 0 eng d | ||
| 040 | _cRUA | ||
| 082 | _aAVM កែវ 1989 B065 Or.1 | ||
| 100 |
_91713 _aកែវ ថានី |
||
| 245 | _aឥទ្ធិពលនៃមីក្រូសារធាតុ cu, Mg ទៅលើផលិតភាព និង សន្ទស្សន៍ឈាម របស់ទាក្នុងរយៈពេលបំប៉ន | ||
| 260 |
_aPhnom Penh _bRUA _c1989 |
||
| 300 |
_a75p. _bill. _c29cm. |
||
| 942 |
_2ddc _cAVM |
||
| 999 |
_c1617 _d1617 |
||